Sports Quiz

Random Sports or WWE Quiz

50 states, 50 pro wrestlers Quiz Stats

 Plays Quiz not verified by Sporcle

Challenge
Share
Tweet
Embed
Score 0/51 Timer 08:00
1 Play Today
State Wrestler % Correct
TexasStone Cold Steve Austin
85%
FloridaThe Rock
81.6%
MassachusettsJohn Cena
72.5%
IllinoisCM Punk
68.1%
North CarolinaRic Flair
67.6%
OhioBrian Pillman
67.1%
New HampshireTriple H
61.8%
MissouriRandy Orton
59.9%
CaliforniaHulk Hogan
59.4%
IowaSeth Rollins
58.5%
GeorgiaA.J. Styles
57%
MichiganRob Van Dam
49.8%
South DakotaBrock Lesnar
49.3%
PennsylvaniaKurt Angle
47.8%
District of ColumbiaBatista
46.9%
South CarolinaBig Show
44.9%
WashingtonDaniel Bryan
44.9%
New YorkTazz
39.6%
TennesseeJerry Lawler
39.1%
ConnecticutShane McMahon
33.3%
MinnesotaBob Backlund
31.4%
OklahomaJack Swagger
30%
NevadaVal Venis
29.5%
ColoradoVader
28.5%
West VirginiaHeath Slater
28%
WisconsinAustin Aries
27.1%
State Wrestler % Correct
AlabamaHardcore Holly
24.6%
LouisianaBray Wyatt
24.2%
New JerseyDiamond Dallas Page
20.3%
VirginiaMaven
20.3%
HawaiiRicky Steamboat
19.3%
IndianaUltimate Warrior
18.4%
NebraskaTed DiBiase
16.9%
ArizonaSuperstar Billy Graham
15.5%
KansasBob Orton Jr.
13%
MaineScotty 2 Hotty
13%
MississippiAhmed Johnson
11.6%
IdahoTorrie Wilson
10.1%
MarylandGillberg
9.2%
ArkansasSycho Sid
9.2%
KentuckyHillbilly Jim
6.8%
New MexicoCactus Jack
6.8%
Rhode IslandChuck Palumbo
6.3%
OregonKen Patera
5.8%
DelawareJay Briscoe
3.9%
WyomingEric Bischoff
1.9%
AlaskaYukon Eric
1.9%
North DakotaRed Bastien
1%
VermontJohn McMahon
1%
MontanaGary Albright
1%
UtahThe Mormon Giant
0.5%

You're not logged in!

Compare scores with friends on all Sporcle quizzes.
Join for Free
OR
Log In

You Might Also Like...

Show Comments

Extras

Top Quizzes Today


Score Distribution

Your Account Isn't Verified!

In order to create a playlist on Sporcle, you need to verify the email address you used during registration. Go to your Sporcle Settings to finish the process.

Report this User

Report this user for behavior that violates our Community Guidelines.

Details: